| 000 | 00568nam a22001817a 4500 | ||
|---|---|---|---|
| 999 |
_c3795 _d3795 |
||
| 003 | GBCCL | ||
| 005 | 20241126110504.0 | ||
| 008 | 171213b xxu||||| |||| 00| 0 eng d | ||
| 040 | _cgbc | ||
| 082 |
_aVER 248.845 _bTON |
||
| 100 |
_aTonsing, Ginliansang _97479 |
||
| 245 |
_aKhristian Innkuan Tungding diing in Innkuan ah kiik nawn ni: _bNupa Hinkhua leh Tate Etkolna / _cGinliansang Tonsing |
||
| 260 |
_aSecunderabad: _bAuthor, _c2013 |
||
| 300 |
_a205 p.; _c23 cm. |
||
| 650 |
_aChristian family _92150 |
||
| 650 |
_aParents _vChild rearing _97480 |
||
| 942 |
_2ddc _cBK _04 |
||